000 00373nam a2200133Ia 4500
008 151001s9999||||xx |||||||||||||| ||und||
100 _aप्रशांत पोखरकर
245 _aब्लँक टायगर
250 _a1
260 _bपुष्प प्रकाशन पुणे
260 _c1996
300 _a128
365 _b18
999 _c973552
_d973549